[Event "32. Offene Senioren-LEM Sachsen-Anh. 65"]
[Site "Magdeburg, Germany"]
[Date "2024.07.04"]
[Round "4.5"]
[White "Broemel, Richard"]
[Black "Bauer, Burkhard"]
[Result "1-0"]
[WhiteElo "2123"]
[BlackElo "2043"]
[PlyCount "83"]
[EventDate "2024.??.??"]

1. d4 d5 2. Nf3 Nf6 3. Bf4 g6 4. e3 Bg7 5. Nbd2 O-O 6. Bd3 b6 7. Qe2 Bb7 8. h4
c5 9. c3 Nc6 10. h5 Re8 11. hxg6 hxg6 12. Ne5 Qc8 13. f3 Nd7 14. Nxg6 fxg6 15.
Bxg6 e5 16. dxe5 Ndxe5 17. Bxe8 Ba6 18. Bxc6 Bxe2 19. Bxd5+ Kf8 20. Bxa8 Ba6
21. Be4 Nd3+ 22. Bxd3 Bxd3 23. Kf2 Qa6 24. Bh6 Bg6 25. Bxg7+ Kxg7 26. c4 Qa5
27. Ke2 b5 28. e4 Bf7 29. Rhc1 a6 30. b3 b4 31. Rc2 Qc7 32. Nf1 Qe5 33. Rd1 a5
34. Ne3 Be6 35. Rd8 Qc7 36. Rcd2 Kf7 37. R8d6 Qe7 38. Ra6 Qc7 39. Rdd6 Bc8 40.
Rac6 Qe7 41. Nd5 Qg5 42. Rc7+ 1-0

[Event "32. Offene Senioren-LEM Sachsen-Anh. 65"]
[Site "Magdeburg, Germany"]
[Date "2024.07.04"]
[Round "4.8"]
[White "Schober, Ralf"]
[Black "Klettke, Wolfgang"]
[Result "1-0"]
[WhiteElo "2090"]
[BlackElo "2008"]
[PlyCount "97"]
[EventDate "2024.??.??"]

1. e4 c5 2. Nc3 Nc6 3. Bb5 g6 4. Bxc6 dxc6 5. d3 Bg7 6. f4 Nf6 7. Nf3 Bg4 8.
O-O O-O 9. Qe1 Bxf3 10. Rxf3 e6 11. Be3 Nd7 12. Kh1 Bd4 13. Bd2 f5 14. Nd1 Bg7
15. e5 Nb6 16. Be3 Qe7 17. Qc3 Nd7 18. Nf2 Rfe8 19. Qb3 b6 20. Nh3 h6 21. Rff1
Kh7 22. Rad1 b5 23. c4 b4 24. d4 a5 25. d5 cxd5 26. cxd5 exd5 27. Qxd5 Red8 28.
Qf3 Nb6 29. b3 a4 30. Qc6 Nd7 31. Rd6 Nxe5 32. fxe5 Qxe5 33. Rxd8 Rxd8 34. Qxc5
axb3 35. axb3 Rd3 36. Qxe5 Bxe5 37. Bc5 Rxb3 38. g3 Kg7 39. Nf4 Bxf4 40. Rxf4
Rb1+ 41. Kg2 b3 42. Rb4 Kf6 43. Bf8 h5 44. Rb6+ Kf7 45. Bh6 Rb2+ 46. Kh3 Rb1
47. Bg5 Rb2 48. Bf4 Rb1 49. Kh4 1-0

[Event "32. Offene Senioren-LEM Sachsen-Anh. 65"]
[Site "Magdeburg, Germany"]
[Date "2024.07.04"]
[Round "4.12"]
[White "Andersen, Knut"]
[Black "Luebeck, Stephan"]
[Result "1/2-1/2"]
[WhiteElo "2104"]
[BlackElo "1942"]
[PlyCount "67"]
[EventDate "2024.??.??"]

1. e4 g6 2. d4 Bg7 3. Nc3 d6 4. f4 c6 5. Nf3 Nf6 6. Bd3 O-O 7. Be3 Na6 8. a3
Nc7 9. Qd2 b5 10. h3 a5 11. O-O Rb8 12. f5 b4 13. axb4 axb4 14. Ne2 d5 15. Ne5
Qe8 16. fxg6 hxg6 17. Ng3 Be6 18. Bh6 dxe4 19. Nxe4 Nxe4 20. Bxe4 Bd5 21. Bxg7
Kxg7 22. Rae1 Bxe4 23. Rxe4 f6 24. Nc4 Qd7 25. Rfe1 e6 26. Qf2 Rbd8 27. Nb6 Qd6
28. Na4 f5 29. Re5 Qxd4 30. Qxd4 Rxd4 31. Rc5 Rd6 32. Nb6 Na6 33. Rce5 Nc7 34.
Rc5 1/2-1/2

[Event "32. Offene Senioren-LEM Sachsen-Anh. 65"]
[Site "Magdeburg, Germany"]
[Date "2024.07.04"]
[Round "4.15"]
[White "Matthey, Harald"]
[Black "Krieg, Peter"]
[Result "0-1"]
[WhiteElo "2063"]
[BlackElo "1920"]
[PlyCount "76"]
[EventDate "2024.??.??"]

1. Nf3 Nf6 2. g3 g6 3. Bg2 Bg7 4. O-O O-O 5. d4 d5 6. Nbd2 b6 7. Ne5 Bb7 8. c4
e6 9. e3 Nbd7 10. f4 Qc8 11. b4 dxc4 12. Nc6 Re8 13. Nxc4 Nd5 14. b5 a6 15. Qb3
axb5 16. Qxb5 Ba6 17. Qb3 Nc5 18. Qc2 Bb5 19. N6e5 Na6 20. a4 Nab4 21. Qb3 Bxe5
22. fxe5 Qa6 23. axb5 Qxa1 24. e4 Qxd4+ 25. Kh1 Qc3 26. Qd1 Qxc4 27. exd5 Nxd5
28. Qf3 Re7 29. Bg5 Rd7 30. h4 h5 31. Rc1 Qd4 32. Re1 Ra1 33. Qe2 Rxe1+ 34.
Qxe1 Qc3 35. Bd2 Qd3 36. Bf1 Qf5 37. Kh2 Qc2 38. Bg2 Qb2 0-1

[Event "32. Offene Senioren-LEM Sachsen-Anh. 65"]
[Site "Magdeburg, Germany"]
[Date "2024.07.04"]
[Round "4.16"]
[White "Haase, Reinhard"]
[Black "Niebuhr, Gerd"]
[Result "1-0"]
[WhiteElo "2044"]
[BlackElo "1917"]
[PlyCount "67"]
[EventDate "2024.??.??"]

1. d4 Nf6 2. c4 e6 3. g3 Bb4+ 4. Bd2 Qe7 5. Bg2 Nc6 6. Nf3 Bxd2+ 7. Nbxd2 O-O
8. O-O d6 9. e4 e5 10. d5 Nb8 11. h3 a5 12. Ne1 Na6 13. Nd3 Nd7 14. a3 Nac5 15.
Nxc5 Nxc5 16. b4 axb4 17. axb4 Rxa1 18. Qxa1 Na6 19. Qc3 f5 20. Kh2 f4 21. Nf3
g5 22. Ne1 Qf6 23. c5 h5 24. Rg1 Qe7 25. Nd3 f3 26. Bf1 Bd7 27. c6 bxc6 28.
dxc6 Bc8 29. b5 Nc5 30. Nxc5 dxc5 31. Bc4+ Kg7 32. Bb3 g4 33. h4 Rd8 34. Bd5
1-0

[Event "32. Offene Senioren-LEM Sachsen-Anh. 65"]
[Site "Magdeburg, Germany"]
[Date "2024.07.04"]
[Round "4.18"]
[White "Winkler, Karl"]
[Black "Pfitzer, Norbert"]
[Result "0-1"]
[WhiteElo "1905"]
[BlackElo "1998"]
[PlyCount "110"]
[EventDate "2024.??.??"]

1. e4 d6 2. d4 Nf6 3. Nc3 e5 4. dxe5 dxe5 5. Qxd8+ Kxd8 6. f3 Be6 7. Bd2 Nbd7
8. O-O-O a6 9. g3 Kc8 10. Bh3 Bxh3 11. Nxh3 Bc5 12. Rhe1 b5 13. Be3 Kb7 14.
Bxc5 Nxc5 15. Nd5 Nfd7 16. Rd2 Ne6 17. c3 f6 18. Red1 Rhd8 19. f4 Ndc5 20. Nf2
c6 21. Ne3 Rxd2 22. Rxd2 exf4 23. gxf4 Nxf4 24. b4 Nce6 25. Rd7+ Kb6 26. Nf5
Ra7 27. Rd1 Rf7 28. Kc2 Kc7 29. Rg1 Rd7 30. Rg3 Ng6 31. h4 Ne5 32. h5 g6 33.
hxg6 hxg6 34. Ne3 Rh7 35. Nfg4 Nxg4 36. Rxg4 g5 37. Nf5 Rh2+ 38. Kb3 Nf4 39.
Rg1 Rh3 40. Rc1 Rh2 41. Ne3 Rh4 42. Nf5 Rh3 43. Re1 Nd3 44. Rg1 c5 45. bxc5
Nxc5+ 46. Kb4 Nxe4 47. c4 bxc4 48. Re1 Nd6 49. Ne7 Rf3 50. a4 f5 51. Kc5 Nb7+
52. Kxc4 g4 53. Re5 Kd6 54. Ng6 g3 55. Rd5+ Ke6 0-1

[Event "32. Offene Senioren-LEM Sachsen-Anh. 65"]
[Site "Magdeburg, Germany"]
[Date "2024.07.04"]
[Round "4.24"]
[White "Gehrmann, Rudolf-Rainer"]
[Black "Dehning-Busse, Karsten"]
[Result "1-0"]
[WhiteElo "1980"]
[BlackElo "1867"]
[PlyCount "93"]
[EventDate "2024.??.??"]

1. c4 d6 2. g3 e5 3. Bg2 f5 4. d3 Nf6 5. Nc3 c6 6. e4 Be7 7. Nge2 O-O 8. O-O
fxe4 9. dxe4 Be6 10. b3 Qd7 11. Ba3 Bh3 12. Qd2 Bxg2 13. Kxg2 c5 14. Rad1 b6
15. Nd5 Na6 16. Nxe7+ Qxe7 17. Qxd6 Qxd6 18. Rxd6 Nxe4 19. Rd5 Nf6 20. Rxe5
Rad8 21. Nc3 Rd2 22. Re2 Rxe2 23. Nxe2 Rd8 24. Nc3 Rd2 25. Rd1 Rc2 26. Rc1 Rd2
27. Kf3 Nc7 28. Ke3 Rd8 29. f3 Re8+ 30. Ne4 Kf7 31. Rd1 Kg6 32. Bb2 b5 33. Rd6
bxc4 34. bxc4 Ne6 35. Rc6 Ng5 36. Bxf6 Nxe4 37. fxe4 gxf6 38. Rxc5 Re7 39. Ra5
Rc7 40. c5 f5 41. exf5+ Kxf5 42. c6+ Ke6 43. Rc5 Kd6 44. Kd4 Ke6 45. Re5+ Kd6
46. Rd5+ Ke6 47. Kc5 1-0

[Event "32. Offene Senioren-LEM Sachsen-Anh. 65"]
[Site "Magdeburg, Germany"]
[Date "2024.07.04"]
[Round "4.25"]
[White "Zechel, Rolf-Ruediger"]
[Black "Grassmann, Heinz"]
[Result "1-0"]
[WhiteElo "1870"]
[BlackElo "1972"]
[PlyCount "48"]
[EventDate "2024.??.??"]

1. d4 d5 2. Nf3 Nf6 3. e3 e6 4. Nbd2 Be7 5. Bd3 b6 6. Ne5 Bb7 7. O-O O-O 8. f4
c5 9. c3 Nbd7 10. Qf3 Bd6 11. b3 a5 12. Bb2 a4 13. Rab1 axb3 14. axb3 Ra2 15.
g4 g6 16. g5 Bxe5 17. fxe5 Ne4 18. Bxe4 Qxg5+ 19. Kh1 dxe4 20. Nxe4 Qh4 21.
Nf6+ Nxf6 22. Qxb7 Ng4 23. Qg2 Nxe3 24. Qf2 Nxf1 1-0

[Event "32. Offene Senioren-LEM Sachsen-Anh. 65"]
[Site "Magdeburg, Germany"]
[Date "2024.07.04"]
[Round "4.27"]
[White "Roth, Heinz-Georg"]
[Black "Hess, Juergen"]
[Result "0-1"]
[WhiteElo "1830"]
[BlackElo "1958"]
[PlyCount "38"]
[EventDate "2024.??.??"]

1. e4 e5 2. Nf3 Nc6 3. Nc3 Nf6 4. d4 exd4 5. Nd5 Nb4 6. Nxf6+ Qxf6 7. Bc4 d5 8.
exd5 Bg4 9. a3 Bxf3 10. gxf3 Qe5+ 11. Kf1 Nxd5 12. Kg2 O-O-O 13. Re1 Qh5 14.
Bxd5 Qxd5 15. Bf4 Bd6 16. Bg3 h5 17. Re4 c5 18. Qe2 f5 19. Re6 f4 0-1

[Event "32. Offene Senioren-LEM Sachsen-Anh. 65"]
[Site "Magdeburg, Germany"]
[Date "2024.07.04"]
[Round "4.28"]
[White "Lehr, Thomas"]
[Black "Kluever, Horst"]
[Result "1-0"]
[WhiteElo "1954"]
[BlackElo "1850"]
[PlyCount "91"]
[EventDate "2024.??.??"]

1. e4 e5 2. Nf3 Nc6 3. d4 exd4 4. Nxd4 Ne5 5. f4 Ng6 6. Bc4 d6 7. Nc3 Bd7 8.
Qd3 Qf6 9. Nd5 Qd8 10. Qb3 c6 11. Nc3 Nh6 12. a4 Qb6 13. Nce2 Qxb3 14. Bxb3 Be7
15. O-O O-O-O 16. h3 Rhe8 17. Ng3 Bf6 18. c3 c5 19. Nb5 Bxb5 20. axb5 Kb8 21.
Ra4 Ne7 22. Nh5 Nc8 23. Nxf6 gxf6 24. Bc2 Nb6 25. Ra1 Ng8 26. b3 Ne7 27. c4
Nec8 28. Bb2 Nd7 29. Rad1 Kc7 30. e5 h5 31. exf6 Re2 32. Rf2 Rde8 33. Kf1 Rxf2+
34. Kxf2 Rh8 35. Kf3 Rh6 36. Bf5 Ncb6 37. Re1 Rh8 38. Re7 Rf8 39. Bc3 Kd8 40.
Ba5 Nxf6 41. Rxb7 Ke8 42. Rxa7 Nbd7 43. Bxd7+ Nxd7 44. Ra8+ Ke7 45. Rxf8 Kxf8
46. Bc7 1-0

[Event "32. Offene Senioren-LEM Sachsen-Anh. 65+"]
[Site "Magdeburg"]
[Date "2024.07.04"]
[Round "4.31"]
[White "Reimers, Christine"]
[Black "Kalkmann, Hans"]
[Result "0-1"]
[WhiteElo "1779"]
[BlackElo "1910"]
[PlyCount "132"]
[EventDate "2024.??.??"]
[WhiteTeam "Itzehoer SV von 1923"]
[BlackTeam "SC Springer St.Tönis 1949"]

1. f4 Nf6 2. Nf3 g6 3. d3 d5 4. g3 Bg7 5. Bg2 O-O 6. O-O c5 7. c3 Nc6 8. Na3 a6
9. Nc2 b5 10. a3 Bb7 11. Rb1 Qb6 12. Kh1 Qc7 13. Be3 c4 14. d4 Ne4 15. Bg1 e6
16. Nd2 Nd6 17. e4 dxe4 18. Nxe4 Ne7 19. Nxd6 Bxg2+ 20. Kxg2 Qxd6 21. Qf3 a5
22. Rfe1 Nd5 23. Ra1 Rab8 24. Ne3 Nxe3+ 25. Qxe3 b4 26. axb4 axb4 27. Qe2 Rfc8
28. Qe4 Rc6 29. Kf1 Bf6 30. cxb4 Rcb6 31. Ra4 Rxb4 32. Rxb4 Rxb4 33. Re2 Qa6
34. Qc2 Qd6 35. Qc3 Qb8 36. Rc2 h5 37. Qa3 h4 38. Qa2 hxg3 39. hxg3 Qb5 40.
Qa8+ Kg7 41. Rh2 Qb8 42. Qxb8 Rxb8 43. Rc2 g5 44. Bf2 Kg6 45. Ke2 Kf5 46. fxg5
Bxg5 47. Be1 Ke4 48. Bc3 Rh8 49. Kf1 Be3 50. Bb4 Kd5 51. Kg2 Bxd4 52. Bc3 Bxc3
53. bxc3 f5 54. Rd2+ Ke5 55. Rd4 Rc8 56. Kf3 Kf6 57. g4 Kg5 58. gxf5 exf5 59.
Rd5 Rh8 60. Rd4 Rh3+ 61. Ke2 Rxc3 62. Kd2 Rd3+ 63. Rxd3 cxd3 64. Kxd3 Kg4 65.
Ke2 Kg3 66. Ke1 Kf3 0-1

[Event "32. Offene Senioren-LEM Sachsen-Anh. 65+"]
[Site "Magdeburg"]
[Date "2024.07.04"]
[Round "4.33"]
[White "Kynast, Reinhard"]
[Black "Gismann, Jürgen"]
[Result "1/2-1/2"]
[WhiteElo "1901"]
[BlackElo "1813"]
[PlyCount "100"]
[EventDate "2024.??.??"]
[WhiteTeam "Brackweder Schachklub von 1924"]
[BlackTeam "USC Magdeburg"]

1. c4 e5 2. Nc3 d6 3. e4 g6 4. Nf3 Bg7 5. d4 exd4 6. Nxd4 Nf6 7. Be2 O-O 8. O-O
Re8 9. f3 Nbd7 10. Bg5 Nc5 11. Bh4 Ne6 12. Nc2 Nf4 13. Re1 Nxe2+ 14. Qxe2 Qd7
15. Rad1 Qc6 16. Nd4 Qc5 17. Bf2 Qh5 18. Ndb5 Re7 19. Nd5 Nxd5 20. Rxd5 Be5 21.
g3 Qh3 22. Nc3 Bd7 23. c5 Bc6 24. Rdd1 a6 25. Nd5 Bxd5 26. Rxd5 dxc5 27. Bxc5
Ree8 28. f4 Bg7 29. Qd2 b6 30. Bd4 Rad8 31. Bxg7 Rxd5 32. Qxd5 Kxg7 33. Qc6 Qc8
34. Rd1 Qe6 35. Qxe6 Rxe6 36. e5 Kf8 37. Kf2 Ke8 38. Ke3 h5 39. Rd4 c5 40. Rd5
Ke7 41. b3 Rc6 42. h3 Ke6 43. Rd8 Ke7 44. Rd3 b5 45. a3 a5 46. g4 hxg4 47. hxg4
Ke6 48. Rd8 Ke7 49. Rd3 Ke6 50. Rd8 Ke7 1/2-1/2

[Event "32. Offene Senioren-LEM Sachsen-Anh. 65+"]
[Site "Magdeburg"]
[Date "2024.07.04"]
[Round "4.34"]
[White "Möller, Peter"]
[Black "Stummeyer, Dieter"]
[Result "0-1"]
[WhiteElo "1712"]
[BlackElo "1884"]
[PlyCount "98"]
[EventDate "2024.??.??"]
[WhiteTeam "SC Mecklenburger Springer"]
[BlackTeam "SG Garbsen/Marienwerder"]

1. Nf3 Nf6 2. d4 e6 3. Bf4 d5 4. e3 Be7 5. Bd3 O-O 6. Nbd2 b6 7. O-O Bb7 8. Rc1
Nbd7 9. h3 c5 10. c3 Ne4 11. Ne5 Nxe5 12. Bxe5 Bd6 13. Bxd6 Qxd6 14. Nxe4 dxe4
15. Bc2 Rad8 16. Qg4 f5 17. Qg3 Qe7 18. Bb3 Rf6 19. Qe5 Ba6 20. Rfe1 c4 21. Bc2
Rd5 22. Qb8+ Rf8 23. Qg3 Bb7 24. Ra1 Kh8 25. Rf1 g5 26. f4 exf3 27. gxf3 f4 28.
Qf2 Rb5 29. b3 cxb3 30. axb3 a5 31. c4 Rb4 32. e4 e5 33. d5 Rf6 34. Kg2 Bc8 35.
Rh1 Rh6 36. Rh2 Qd7 37. Rah1 Rh4 38. Bd1 Qd6 39. Qb2 Ba6 40. Qf2 a4 41. Qa2 b5
42. cxb5 Bxb5 43. bxa4 Bc4 44. Qa3 Qb8 45. Kf2 h5 46. a5 g4 47. hxg4 Rb2+ 48.
Ke1 Rhxh2 49. Rg1 Qb4+ 0-1

[Event "32. Offene Senioren-LEM Sachsen-Anh. 65+"]
[Site "Magdeburg"]
[Date "2024.07.04"]
[Round "4.35"]
[White "Sauter, Arthur"]
[Black "Gehrmann, Dorit"]
[Result "1-0"]
[WhiteElo "1690"]
[BlackElo "1881"]
[PlyCount "69"]
[EventDate "2024.??.??"]
[WhiteTeam "SV Irxleben 1919"]
[BlackTeam "SV Eutin von 1875"]

1. d4 d5 2. Nc3 Bf5 3. f3 e6 4. e4 dxe4 5. fxe4 Bg6 6. Nf3 Be7 7. Bf4 Bb4 8.
Bb5+ c6 9. Bd3 Nf6 10. Qe2 h6 11. h3 Qa5 12. Bd2 Nbd7 13. O-O Nh5 14. Qf2 Bxc3
15. Bxc3 Qc7 16. Nh4 O-O-O 17. e5 Bxd3 18. cxd3 f5 19. Ng6 f4 20. Qh4 Ng3 21.
Nxh8 Rxh8 22. Rf2 g5 23. Qg4 Nf8 24. Rc2 Qh7 25. Rd1 Kd7 26. d5 cxd5 27. Bd4
Qf5 28. Qxf5 Nxf5 29. Bxa7 Ng6 30. Rdc1 Nfe7 31. Rc7+ Ke8 32. Rxb7 Kf7 33. Rcc7
Re8 34. Bc5 h5 35. a4 1-0

[Event "32. Offene Senioren-LEM Sachsen-Anh. 65+"]
[Site "Magdeburg"]
[Date "2024.07.04"]
[Round "4.36"]
[White "Conrad, Heidrun"]
[Black "Funke, Arnold"]
[Result "0-1"]
[WhiteElo "1710"]
[BlackElo "1902"]
[PlyCount "44"]
[EventDate "2024.??.??"]
[WhiteTeam "SF Turm 2000 Wahrburg"]
[BlackTeam "SV Aufbau Bernburg"]

1. e4 e6 2. d4 d5 3. exd5 exd5 4. Bd3 Nf6 5. Ne2 c5 6. c3 Nc6 7. Bg5 Bd6 8. Bf4
O-O 9. Bxd6 Qxd6 10. dxc5 Qxc5 11. O-O Bg4 12. Kh1 Rfe8 13. f3 Bh5 14. Na3 a6
15. Nc2 Ne5 16. Nf4 Nc4 17. Nxh5 Nxh5 18. Bxc4 dxc4 19. Nd4 Qg5 20. Qc2 g6 21.
Qf2 Nf4 22. Qd2 Re2 0-1

[Event "32. Offene Senioren-LEM Sachsen-Anh. 65+"]
[Site "Magdeburg"]
[Date "2024.07.04"]
[Round "4.38"]
[White "Barten, Ralf"]
[Black "Möws, Harald"]
[Result "1-0"]
[WhiteElo "1970"]
[BlackElo "1812"]
[PlyCount "75"]
[EventDate "2024.??.??"]
[WhiteTeam "SV Schwarz-Weiß Remscheid"]
[BlackTeam "Ahrensburger TSV"]

1. Nf3 d5 2. d4 Bg4 3. Ne5 Bf5 4. c4 dxc4 5. Nc3 c6 6. e4 Be6 7. Bxc4 Bxc4 8.
Nxc4 e6 9. O-O Nf6 10. Bf4 Be7 11. Qd2 O-O 12. Rad1 Nbd7 13. Bd6 Ne8 14. Bxe7
Qxe7 15. Rfe1 Qb4 16. b3 Nef6 17. a3 Qxb3 18. Nd6 Qxa3 19. Nxb7 Rfb8 20. Ra1
Qe7 21. Na5 Rc8 22. d5 cxd5 23. exd5 Qc5 24. dxe6 fxe6 25. Ne4 Qd5 26. Nxf6+
Nxf6 27. Qe3 Kf7 28. Nb3 a5 29. Rad1 Qc4 30. Nd4 Re8 31. Nf3 Kg8 32. Ne5 Qa6
33. Rb1 a4 34. Rb6 Qa5 35. Rb7 Qd5 36. Rxg7+ Kxg7 37. Qg5+ Kh8 38. Nf7# 1-0

[Event "32. Offene Senioren-LEM Sachsen-Anh. 65+"]
[Site "Magdeburg"]
[Date "2024.07.04"]
[Round "4.39"]
[White "Domsgen, Bernd"]
[Black "Weigelt, Joachim"]
[Result "1/2-1/2"]
[WhiteElo "1963"]
[BlackElo "1810"]
[PlyCount "40"]
[EventDate "2024.??.??"]
[WhiteTeam "Burger Schachclub Schwarz-Weiß"]
[BlackTeam "VfB 07 Lettin"]

1. e4 e5 2. Nf3 Nf6 3. Nc3 Nc6 4. d4 exd4 5. Nxd4 Bb4 6. Bg5 O-O 7. Nxc6 dxc6
8. Bd3 h6 9. Bh4 Qd4 10. Qd2 Re8 11. O-O-O Bxc3 12. bxc3 Qa4 13. Kb1 Be6 14. c4
Nd7 15. Qc3 Nc5 16. f3 b5 17. Bf2 Nxd3 18. cxd3 bxc4 19. d4 Rab8+ 20. Ka1 Rb4
1/2-1/2

[Event "32. Offene Senioren-LEM Sachsen-Anh. 65+"]
[Site "Magdeburg"]
[Date "2024.07.04"]
[Round "4.41"]
[White "Gagelmann, Andreas"]
[Black "Grube, Kurt"]
[Result "1-0"]
[WhiteElo "1883"]
[BlackElo "1757"]
[PlyCount "51"]
[EventDate "2024.??.??"]
[WhiteTeam "SV Freital"]
[BlackTeam "SG Osnabrück"]

1. e4 c5 2. Nf3 Nc6 3. Bb5 e6 4. O-O Nf6 5. Bxc6 dxc6 6. Nc3 Be7 7. d3 Qc7 8.
e5 Nd5 9. Ne4 f6 10. exf6 gxf6 11. d4 cxd4 12. Nxd4 h5 13. c4 Nf4 14. Qf3 e5
15. Bxf4 exf4 16. Qd3 Bg4 17. f3 Bd7 18. Nxf6+ Bxf6 19. Qg6+ Kf8 20. Qxf6+ Kg8
21. Qg6+ Kf8 22. Rfe1 Qd8 23. Rad1 Qc7 24. Qf6+ Kg8 25. Re7 Rh7 26. Qg6+ 1-0

[Event "32. Offene Senioren-LEM Sachsen-Anh. 65+"]
[Site "Magdeburg"]
[Date "2024.07.04"]
[Round "4.42"]
[White "Boldt, Heinrich"]
[Black "Redeker, Frank"]
[Result "1-0"]
[WhiteElo "1866"]
[BlackElo "1789"]
[PlyCount "81"]
[EventDate "2024.??.??"]
[WhiteTeam "TSV Kareth-Lappersdorf"]
[BlackTeam "Schachfreunde Brand 1981"]

1. d4 d5 2. Bf4 Nf6 3. Nf3 Bf5 4. e3 Nbd7 5. Nbd2 e6 6. c4 c5 7. Ne5 h6 8. Be2
Be7 9. O-O O-O 10. Rc1 Rc8 11. Nxd7 Qxd7 12. Nf3 cxd4 13. exd4 Qe8 14. c5 Qd8
15. Qa4 a6 16. b4 Nd7 17. b5 axb5 18. Qxb5 Bg5 19. Nxg5 hxg5 20. Bd6 Re8 21.
Qxb7 e5 22. c6 Nb8 23. dxe5 Nxc6 24. Rxc6 Qd7 25. Qxd7 Bxd7 26. Rxc8 Rxc8 27.
a4 Bxa4 28. Bd1 Bd7 29. f4 gxf4 30. Rxf4 Rc1 31. Rf1 Be6 32. Bf3 Rxf1+ 33. Kxf1
f6 34. Ke2 Kf7 35. Kd3 fxe5 36. Bxe5 g6 37. Kd4 g5 38. Bxd5 Bxd5 39. Kxd5 Kg6
40. g4 Kf7 41. Bc7 1-0

[Event "32. Offene Senioren-LEM Sachsen-Anh. 65+"]
[Site "Magdeburg"]
[Date "2024.07.04"]
[Round "4.43"]
[White "Wulff, Rüdiger"]
[Black "Fleischer, Martin"]
[Result "1-0"]
[WhiteElo "1731"]
[BlackElo "1857"]
[PlyCount "73"]
[EventDate "2024.??.??"]
[WhiteTeam "Flechtinger Sportverein"]
[BlackTeam "SV Einheit Schwerin"]

1. d4 e6 2. c4 d5 3. Nc3 Bb4 4. Nf3 Nf6 5. Bg5 h6 6. Bxf6 Bxc3+ 7. bxc3 Qxf6 8.
e3 O-O 9. Ne5 Nd7 10. Nxd7 Bxd7 11. cxd5 exd5 12. Be2 c5 13. O-O c4 14. Bg4 Bc6
15. Qc2 g6 16. Rfe1 Rfe8 17. Qe2 b5 18. a3 Re7 19. Qf3 Qg7 20. Qg3 f5 21. Bf3
Qf6 22. Bd1 Rae8 23. Bc2 Kg7 24. Kf1 a5 25. Rab1 a4 26. h4 Rb7 27. h5 g5 28.
Qf3 Ra8 29. g3 g4 30. Qf4 Qe6 31. Kg2 Qe7 32. Bxf5 Bd7 33. Qxg4+ Kh8 34. Bxd7
Rxd7 35. Rxb5 Qf7 36. Qe2 Rda7 37. Reb1 1-0

[Event "32. Offene Senioren-LEM Sachsen-Anh. 65+"]
[Site "Magdeburg"]
[Date "2024.07.04"]
[Round "4.44"]
[White "Schwarz, Hans"]
[Black "Rosenkranz, Eveline"]
[Result "1-0"]
[WhiteElo "1856"]
[BlackElo "676"]
[PlyCount "59"]
[EventDate "2024.??.??"]
[WhiteTeam "SV Rochade Magdeburg"]
[BlackTeam "Haldensleber Sportclub"]

1. e4 d6 2. Nc3 Nc6 3. f4 Nf6 4. Nf3 e6 5. Bb5 Bd7 6. O-O Be7 7. d4 O-O 8. a3
a6 9. Bd3 a5 10. Ne2 b6 11. c3 Qb8 12. Qc2 Qa7 13. e5 g6 14. exf6 Bxf6 15. Be3
Ne7 16. Ng3 Bc6 17. Ne4 Bg7 18. Qf2 d5 19. Neg5 h6 20. Nh3 Rab8 21. Ne5 Bb7 22.
Nd7 Rfd8 23. Nxb8 Rxb8 24. Qh4 Kf8 25. g4 Nc6 26. f5 Re8 27. Bxh6 Kg8 28. Bxg7
Kxg7 29. f6+ Kf8 30. Qh8# 1-0

[Event "32. Offene Senioren-LEM Sachsen-Anh. 65+"]
[Site "Magdeburg"]
[Date "2024.07.04"]
[Round "4.45"]
[White "Bertram, Thomas"]
[Black "Brandt, Joachim"]
[Result "1/2-1/2"]
[WhiteElo "1725"]
[BlackElo "1829"]
[PlyCount "55"]
[EventDate "2024.??.??"]
[WhiteTeam "SV 1919 Grimma"]
[BlackTeam "UNION 1861 Schönebeck"]

1. e4 e6 2. d4 d5 3. e5 c5 4. c3 Nc6 5. Nf3 Bd7 6. Bd3 Rc8 7. O-O cxd4 8. cxd4
Qb6 9. Bc2 Nge7 10. Nc3 Ng6 11. h4 Qd8 12. Bg5 Be7 13. Nb5 Qb6 14. Bxe7 Qxb5
15. Bd6 Qb6 16. Ba4 Qd8 17. g3 h6 18. Bc2 Nge7 19. h5 Nf5 20. Bxf5 exf5 21. Qb3
Na5 22. Qd3 Nc4 23. Nh4 Nxd6 24. exd6 O-O 25. Nxf5 Bxf5 26. Qxf5 Qxd6 27. Rac1
Rcd8 28. Rc2 1/2-1/2

[Event "32. Offene Senioren-LEM Sachsen-Anh. 65+"]
[Site "Magdeburg"]
[Date "2024.07.04"]
[Round "4.47"]
[White "Schiefer, Jörg"]
[Black "Jürgens, Peter"]
[Result "1/2-1/2"]
[WhiteElo "1655"]
[BlackElo "1863"]
[PlyCount "36"]
[EventDate "2024.??.??"]
[WhiteTeam "USC Magdeburg"]
[BlackTeam "SC Tempo Göttingen"]

1. c4 Nf6 2. d4 e6 3. Nc3 Bb4 4. Bg5 h6 5. Bxf6 Qxf6 6. Nf3 O-O 7. a3 Bxc3+ 8.
bxc3 d5 9. g3 b6 10. Bg2 Bb7 11. Ne5 Rd8 12. O-O Nd7 13. f4 Qe7 14. cxd5 Nxe5
15. fxe5 Bxd5 16. Bxd5 Rxd5 17. e4 Rdd8 18. Qf3 Rd7 1/2-1/2

[Event "32. Offene Senioren-LEM Sachsen-Anh. 65+"]
[Site "Magdeburg"]
[Date "2024.07.04"]
[Round "4.48"]
[White "Kühne, Jürgen"]
[Black "Hölzel, Gerhard"]
[Result "1/2-1/2"]
[WhiteElo "1725"]
[BlackElo "1839"]
[PlyCount "35"]
[EventDate "2024.??.??"]
[WhiteTeam "SV Irxleben 1919"]
[BlackTeam "Ahrensburger TSV"]

1. d4 d5 2. c4 c6 3. Nc3 Nf6 4. cxd5 cxd5 5. Qb3 Nc6 6. Nf3 e6 7. Bg5 Be7 8.
Rc1 O-O 9. e3 Nd7 10. Bf4 Nb6 11. Bd3 Na5 12. Qc2 g6 13. Bh6 Re8 14. Nb5 Nc6
15. a3 a6 16. Nc3 Bf8 17. Bf4 Bd6 18. Bh6 1/2-1/2

[Event "32. Offene Senioren-LEM Sachsen-Anh. 65+"]
[Site "Magdeburg"]
[Date "2024.07.04"]
[Round "4.49"]
[White "Ludwig, Richard"]
[Black "Neubauer, Uwe"]
[Result "0-1"]
[WhiteElo "1698"]
[BlackElo "1827"]
[PlyCount "92"]
[EventDate "2024.??.??"]
[WhiteTeam "SV Irxleben 1919"]
[BlackTeam "SK Anderten"]

1. e4 g6 2. d4 Bg7 3. Nf3 d6 4. Nc3 Nf6 5. Be2 O-O 6. O-O c6 7. Rb1 Nbd7 8. Be3
Re8 9. Qd2 Ng4 10. Rfd1 Nxe3 11. Qxe3 Nf6 12. Qd3 Qc7 13. Qd2 Be6 14. h3 a6 15.
Bd3 b5 16. a3 Nd7 17. b3 Nb6 18. Ne2 Bc8 19. Qc1 Bb7 20. c3 Rad8 21. Qc2 e5 22.
Ng3 exd4 23. cxd4 Nd7 24. Re1 Rc8 25. Qd1 d5 26. exd5 Rxe1+ 27. Qxe1 cxd5 28.
Qe2 Nf6 29. Re1 Qc3 30. Qd1 Bc6 31. Ne2 Qa5 32. Qa1 Ne4 33. b4 Qd8 34. Qd1 a5
35. Nd2 Bh6 36. Bxe4 dxe4 37. Nf1 axb4 38. axb4 Qe7 39. d5 Rd8 40. Nc3 f5 41.
Qb3 Qf7 42. Rb1 Bxd5 43. Nxd5 Qxd5 44. Qc2 f4 45. Qb3 Qxb3 46. Rxb3 Bf8 0-1

[Event "32. Offene Senioren-LEM Sachsen-Anh. 65"]
[Site "Magdeburg"]
[Date "2024.07.04"]
[Round "4.50"]
[White "Freitag, Ingo"]
[Black "Bernhardt, Eduard"]
[Result "0-1"]
[WhiteElo "1810"]
[BlackElo "1717"]
[PlyCount "98"]
[EventDate "2024.??.??"]
[WhiteTeam "VfL Kalbe/Milde"]
[BlackTeam "VfB Ottersleben"]

1. e4 d5 2. exd5 Qxd5 3. Nc3 Qa5 4. Nf3 Nf6 5. g3 Nc6 6. Bg2 Bd7 7. d4 O-O-O 8.
Bd2 Bg4 9. Ne2 Qb6 10. Qc1 h6 11. b3 e6 12. Bc3 Bf5 13. a3 Be4 14. O-O Qb5 15.
Qd2 Qd5 16. Nh4 g5 17. f3 gxh4 18. fxe4 Nxe4 19. Qf4 f5 20. Qxh4 Be7 21. Qf4
Nxc3 22. Nxc3 Qxd4+ 23. Qxd4 Nxd4 24. Rf2 Bc5 25. Kf1 a6 26. b4 Be7 27. Rd1 Bg5
28. Nb1 Be3 29. c3 Bxf2 30. Kxf2 Nc6 31. Re1 Rd6 32. c4 Nd4 33. Nc3 c6 34. c5
Rdd8 35. a4 Rhe8 36. Rb1 Nc2 37. b5 Rd2+ 38. Kg1 Ne3 39. Bf1 Nxf1 40. Kxf1 cxb5
41. axb5 Rxh2 42. bxa6 bxa6 43. Rb6 Rc2 44. Na4 a5 45. Rc6+ Kd7 46. Rb6 Ke7 47.
c6 Rd8 48. Rb7+ Kd6 49. Rd7+ Rxd7 0-1

[Event "32. Offene Senioren-LEM Sachsen-Anh. 65+"]
[Site "Magdeburg"]
[Date "2024.07.04"]
[Round "4.51"]
[White "Rosenkranz, Richard"]
[Black "Bausch, Jean"]
[Result "0-1"]
[WhiteElo "1628"]
[BlackElo "1804"]
[PlyCount "66"]
[EventDate "2024.??.??"]
[WhiteTeam "Haldensleber Sportclub"]
[BlackTeam "Schachclub Unterhaching"]

1. e4 c5 2. Nc3 Nc6 3. Bb5 d6 4. Bxc6+ bxc6 5. Nf3 g6 6. d4 cxd4 7. Qxd4 e5 8.
Qc4 Ne7 9. Ng5 d5 10. exd5 cxd5 11. Qb3 Bg7 12. O-O O-O 13. h3 h6 14. Nf3 Be6
15. Na4 d4 16. Qa3 Nd5 17. Nc5 Bf5 18. Nd3 e4 19. g4 Be6 20. Nf4 Nxf4 21. Bxf4
exf3 22. Qxf3 Qd5 23. Qxd5 Bxd5 24. Bd6 Rfc8 25. Rfc1 Rc6 26. Bf4 Rac8 27. Re1
Rxc2 28. b3 d3 29. Rad1 Bc3 30. Re3 d2 31. Kh2 Rc1 32. Rxc3 R8xc3 33. Rxd2 Rh1#
0-1